| 000 | 00835nam a22002177a 4500 | ||
|---|---|---|---|
| 005 | 20250714163709.0 | ||
| 008 | 250714b |||||||| |||| 00| 0 eng d | ||
| 037 | _cTB | ||
| 040 |
_aCRL _cCRL |
||
| 041 |
_2hin _ahin |
||
| 084 |
_aWwN09 152R5 _qCRL |
||
| 100 |
_aसमस _9815588 |
||
| 245 | _aएक महान तमिल स्वप्न | ||
| 260 |
_aनई दिल्ली , भारत: _bडायमंड पॉकेट बुक्स, _c2025. |
||
| 300 | _a256पृ. | ||
| 365 |
_b350.00 _cINR |
||
| 650 |
_aतमिल _9815589 |
||
| 650 |
_aराजनितिक विज्ञान _9815590 |
||
| 942 |
_2CC _cTB _hWwN09 152R5 _n0 |
||
| 999 |
_c1433639 _d1433639 |
||